いろいろな三冠馬 - Statistics

General Stats
  • This quiz has been taken 164 times
  • The average score is 14 of 18
Answer Stats
Hint Answer % Correct
1984 シンボリルドルフ クラシック三冠
92%
2005 ディープインパクト クラシック三冠
91%
1994 ナリタブライアン クラシック三冠
84%
2011 オルフェーヴル クラシック三冠
84%
2020 コントレイル クラシック三冠
83%
2018 アーモンドアイ 牝馬三冠
81%
1964 シンザン クラシック三冠
80%
2012 ジェンティルドンナ 牝馬三冠
80%
1983 ミスターシービー クラシック三冠
78%
2000 テイエムオペラオー 秋古馬三冠
77%
2020 デアリングタクト 牝馬三冠
75%
1986 メジロラモーヌ 牝馬三冠
74%
2003 スティルインラブ 牝馬三冠
68%
2023 リバティアイランド 牝馬三冠
67%
1941 セントライト クラシック三冠
65%
2004 ゼンノロブロイ 秋古馬三冠
65%
2010 アパパネ 牝馬三冠
63%
1943 クリフジ 変則三冠
45%
No matching quizzes found
Score Distribution
Percent of People with Each Score
Percentile by Number Answered
Your Score History
You have not taken this quiz